ბათუმის შოთა რუსთაველის სახელმწიფო უნივერსიტეტის ბიბლიოთეკა

დიდი ნათელი (ბიბ.ჩანაწერი № 48349)

000 -LEADER
fixed length control field 00664nam a2200205Ia 4500
001 - CONTROL NUMBER
control field 15237
003 - CONTROL NUMBER IDENTIFIER
control field GE_BSU
008 - FIXED-LENGTH DATA ELEMENTS--GENERAL INFORMATION
fixed length control field 181216s||||||||xx |||||||||||||| ||und||
040 ## - CATALOGING SOURCE
Transcribing agency GE_BSU
080 ## - UNIVERSAL DECIMAL CLASSIFICATION NUMBER
Universal Decimal Classification number 821.353.1-1+821.353.1-11
100 ## - MAIN ENTRY--PERSONAL NAME
Personal name ჩარკვიანი,ჯანსუღ
245 ## - TITLE STATEMENT
Title დიდი ნათელი
245 ## - TITLE STATEMENT
Statement of responsibility, etc. რედ.თ.დაუშვილი. მხატვ. ნ. მალაზონია
260 ## - PUBLICATION, DISTRIBUTION, ETC.
Place of publication, distribution, etc. თბილისი
260 ## - PUBLICATION, DISTRIBUTION, ETC.
Name of publisher, distributor, etc. საბჭოთა საქართველო
260 ## - PUBLICATION, DISTRIBUTION, ETC.
Date of publication, distribution, etc. 1980
300 ## - PHYSICAL DESCRIPTION
Extent 327გვ.ილ.20სმ.
653 ## - INDEX TERM--UNCONTROLLED
Uncontrolled term დიდი ნათელი
942 ## - ADDED ENTRY ELEMENTS (KOHA)
Koha item type წიგნი
ეგზემპლარები
Withdrawn status Lost status Damaged status Not for loan Date acquired Barcode Date last seen Price effective from Koha item type Public note
        2018-12-17 38380 2018-12-17 2018-12-17 წიგნი 8ლ.
        2018-12-17 38381 2018-12-17 2018-12-17 წიგნი  
        2018-12-17 38384 2018-12-17 2018-12-17 წიგნი